KOHA-Header-6

Digital Systems Principles & Applications (Record no. 7089)

000 -LEADER
fixed length control field 00248nam a2200109Ia 4500
020 ## - INTERNATIONAL STANDARD BOOK NUMBER
ISBN 978-8131727249
100 ## - MAIN ENTRY--AUTHOR NAME
Personal name Ronald J. Tocci
245 #0 - TITLE STATEMENT
Title Digital Systems Principles & Applications
260 ## - PUBLICATION, DISTRIBUTION, ETC. (IMPRINT)
Place of publication USA
Name of publisher Dorling
Year of publication 1996
300 ## - PHYSICAL DESCRIPTION
Number of Pages 827
942 ## - ADDED ENTRY ELEMENTS (KOHA)
Koha item type Books
Holdings
Withdrawn status Lost status Collection code Permanent Location Current Location Shelving location Date acquired Full call number Accession Number Koha item type
    Computer Science MAJU MAJU Shelf No.A19 2019-09-12 621.92 720 Books

Powered by Koha